Detalles MARC
| 000 -CABECERA |
| Longitud fija campo de control |
01849nam a2200409 c 4500 |
| 003 - • IDENTIFICADOR DELl NÚMERO DE CONTROL |
| Identificador del número de control |
CO-BoRNBP |
| 005 - • FECHA Y HORA DE LA ÚLTIMA TRANSACCIÓN |
| Fecha y hora de la última transacción |
20250821211039.0 |
| 007 - • CAMPO FIJO DE DESCRIPCIÓN FÍSICA |
| Campo fijo de descripción física |
ta |
| 008 - • CÓDIGOS DE INFORMACIÓN DE LONGITUD FIJA |
| Códigos de información de longitud fija |
140918s2013 ck a|||br||||000 0jsspa d |
| 020 ## - • NÚMERO INTERNACIONAL NORMALIZADO PARA LIBROS |
| Número Internacional Normalizado para Libros (ISBN) |
9588654661 |
| 020 ## - • NÚMERO INTERNACIONAL NORMALIZADO PARA LIBROS |
| Número Internacional Normalizado para Libros (ISBN) |
9789588654669 |
| 040 ## - FUENTE DE LA CATALOGACIÓN |
| Centro catalogador de origen |
CO-BoRNBP |
| Lengua de catalogación |
spa |
| Normas de descripción |
rda |
| Centro transcriptor |
CO-BoRNBP |
| 041 1# - • CÓDIGO DE LENGUA |
| Código de lengua del texto/banda sonora o título independiente |
spa |
| Código de lengua original |
ger |
| 043 ## - CÓDIGO DE ÁREA GEOGRÁFICA |
| Código de área geográfica |
e-be--- |
| 084 ## - • Clasificación Local Alfanúmerica PNLB |
| Número de clasificación |
A |
| 100 ## - • PUNTO DE ACCESO PRINCIPAL-NOMBRE DE PERSONA |
| Nombre de persona |
Slegers, Liesbest, |
| Fechas asociadas al nombre |
1975- |
| Término indicativo de función |
aut |
| 245 10 - • TITULO PROPIAMENTE DICHO |
| Título |
Nacho viaja con su abuela / |
| Mención de responsabilidad, etc. |
Liesbet Slegers ; traducción P. Rozarena. |
| 250 ## - • MENCIÓN DE EDICIÓN |
| Mención de edición |
Edición especial para el Ministerio de Cultura |
| 264 #1 - PRODUCCIÓN, PUBLICACIÓN , DISTRIBUCIÓN, FABRICACIÓN Y COPYRIGHT |
| Lugar de producción, publicación, distribución, fabricación |
Bogotá, Colombia : |
| Nombre del productor, editor, distribuidor, fabricante |
Edelvives, |
| Fecha de de producción, publicación, distribución, fabricación o copyright |
2013 |
| 300 ## - • DESCRIPCIÓN FÍSICA |
| Extensión |
[24] páginas sin enumerar : |
| Otras características físicas |
ilustraciones a color |
| 336 ## - TIPO DE CONTENIDO |
| Término de tipo de contenido |
texto |
| Código de tipo de contenido |
txt |
| Fuente |
rdacontenido |
| 337 ## - TIPO DE MEDIO |
| Nombre del tipo de medio |
sin mediación |
| Código del tipo de medio |
n |
| Fuente |
rdamedio |
| 338 ## - TIPO DE SOPORTE |
| Nombre del tipo de soporte |
volumen |
| Código del tipo de soporte |
nc |
| Fuente |
rdasoporte |
| 490 0# - • MENCIÓN DE SERIE |
| Mención de serie |
Colección para la Primera Infancia del Ministerio de Cultura - Primera Infancia 2013 |
| -- |
Plan Nacional de Lectura y Escritura Leer es mi cuento |
| 490 0# - • MENCIÓN DE SERIE |
| Mención de serie |
Nacho |
| Designación de volumen o secuencia |
Vol. 3 |
| 520 ## - • NOTA DE RESUMEN |
| Resumen, etc, |
Nacho nunca ha salido de viaje sin sus padres; esta vez lo hará solo con su abuela; al llegar al aeropuerto tendrán que hacer primero una larga fila: ¡cuánta gente de viaje! Ya en el avión la fuerza del despegue le produce mucha angustia pero la compañía de su osito le dispensa confianza. Viajar en avión es seguro y divertido, además Nacho tendrá la suerte de hacer abordo un nuevo amigo |
| 521 ## - • NOTA DE PÚBLICO DESTINATARIO |
| Nota público destinatario (R ) |
Recomendado para niños de 0 a 2 años |
| 534 ## - • Nota De Versión Original |
| Título |
Karel in het viegtuig |
| 650 04 - • PUNTO DE ACCESO ADICIONAL DE MATERIA - TÉRMINO DE MATERIA |
| Término de materia o nombre geográfico como elemento inicial |
Álbumes infantiles belgas |
| Subdivisión cronológica |
Siglo XX |
| Fuente del encabezamiento o término |
LEMB |
| 650 07 - • PUNTO DE ACCESO ADICIONAL DE MATERIA - TÉRMINO DE MATERIA |
| Término de materia o nombre geográfico como elemento inicial |
Aviones en la literatura |
| Fuente del encabezamiento o término |
lemb |
| 650 04 - • PUNTO DE ACCESO ADICIONAL DE MATERIA - TÉRMINO DE MATERIA |
| Término de materia o nombre geográfico como elemento inicial |
Literatura infantil belga |
| Subdivisión cronológica |
Siglo XX |
| Fuente del encabezamiento o término |
LEMB |
| 650 04 - • PUNTO DE ACCESO ADICIONAL DE MATERIA - TÉRMINO DE MATERIA |
| Término de materia o nombre geográfico como elemento inicial |
Miedo en niños |
| Fuente del encabezamiento o término |
LEMB |
| 650 07 - • PUNTO DE ACCESO ADICIONAL DE MATERIA - TÉRMINO DE MATERIA |
| Término de materia o nombre geográfico como elemento inicial |
Viajes en la literataura |
| Fuente del encabezamiento o término |
lemb |
| 700 ## - • PUNTO DE ACCESO ADICIONAL - NOMBRE DE PERSONA |
| Nombre de persona |
Rozarena, P. |
| Término indicativo de función |
trl |
| 942 ## - ENTRADA DE ELEMENTOS AGREGADOS (KOHA) |
| Fuente de clasificaión o esquema |
|
| Koha [por defecto] tipo de item |
Literatura Infantil |